000 00918nmm a2200289 a 4500
001 ocm000940687
003 TR-IsHL
005 20201028145656.0
008 150110s2013 tu tur
007 cr cn
020 _a9789756865323
035 _a940687
_b(N$T)
050 0 4 _aPG1038.26.O542
_bK219 2013
090 0 4 _aPG1038.26.O542
_bK219 2013
100 1 _aPopov, Ivan
245 1 0 _aKavganın şafağı
_h[electronic resource] /
_cIvan Popov ; çev. Hikmet Vardar
250 _a3. bs.
260 _aİstanbul :
_bEvrensel Basım Yayın,
_c2013
300 _a497 p.
650 4 _aDil ve Edebiyat
650 4 _aLanguage and Literature
650 0 _aBulgar romanı
650 0 _aBulgarian fiction
650 7 _aLITERARY COLLECTIONS / European / General
_2bisacsh
700 1 _aVardar, Hikmet
856 4 0 _uhttp://search.ebscohost.com/login.aspx?direct=true&scope=site&db=e011xww&AN=940687
999 _c10074
_d10074